Missing Word: Magazines in the Movies Quiz Stats

 Plays Quiz Updated Apr 30, 2020

     
Support Sporcle.
Go Orange.
Score 0/17 Timer 03:00
3 Plays Today
Movie Magazine % Correct
No _______ for Old MenCountry
94.3%
The Land Before ____Time
90.8%
For a Few Dollars ____More
90%
Eight Days a ____Week
84%
Reversal of _______Fortune
71.4%
___ LagJet
71.1%
Meet the _______Parents
66.3%
Your _____ or Your LifeMoney
62.9%
Night at the Museum: Battle of the ___________Smithsonian
37.6%
Movie Magazine % Correct
______ StripSunset
37.1%
The ______ of Things to ComeShape
33.8%
____ Made LadySelf
25.1%
The ______ Next DoorPeople
21.3%
Number _________Seventeen
11.2%
Times Square _______Playboy
8.9%
Henry Aldrich Gets _______Glamour
8.2%
The Summer of Miss ______Forbes
8.1%

Today's Daily Dose

From the Vault

MLB: 300+ HR Before 30

by jmnyyankees10

Sports 4m
These hitters were early bloomers with the boomstick.
Remove Ads.
Support Sporcle.
Get the best of Sporcle when you Go Orange. This ad-free experience offers more features, more stats, and more fun while also helping to support Sporcle. Thank you for becoming a member.

Show Comments

Extras

Top Quizzes Today


Score Distribution

Your Account Isn't Verified!

In order to create a playlist on Sporcle, you need to verify the email address you used during registration. Go to your Sporcle Settings to finish the process.

Report this User

Report this user for behavior that violates our Community Guidelines.

Details: